LEADER 01258nam a2200205 i 4500 001 000000000660 003 CaOOAMICUS 005 20180830125433.0 008 180830s1942 it u000 u ita u 040 $aSeMil$bita 100 1 $aBona, Giovanni,$c .$0(OLS)http://semarc/name/520 245 10$aCorso di vita spirituale :$bper guidare l'uomo, con metodo facile e chiaro, dall'inizio della conversione alla vetta della santità /$cCard. Giovanni Bona ; traduzione del Sac. Alfonso Tisi. 260 $aRoma ; Alba : Catania :$bPia Società San Paolo,$c1942. 300 $a2 v. ;$c18 cm. 700 1 $aTisi, Alfonso.$0(OLS)http://semarc/name/521 773 0 $tFiore dei Santi Padri, dottori e scrittori ecclesiastici.$dRoma : Pia Società delle Figlie di San Paolo, [193?]$w()116 774 0 $tVolume 1.$kFiore dei Santi Padri, dottori e scrittori ecclesiastici$g1$w()37588 774 0 $tVolume 2.$kFiore dei Santi Padri, dottori e scrittori ecclesiastici$g2$w()256547 996 $6245$aCorso di vita spirituale :$bper guidare l'uomo, con metodo facile e chiaro, dall'inizio della conversione alla vetta della santità$9(OLS)http://semarc/title/954 996 $6260$aRoma ; Alba : Catania :$bPia Società San Paolo$9(OLS)http://semarc/publisher/29946 LEADER 01113nam a2200241 i 4500 001 000000050493 003 CaOOAMICUS 005 20260408112510.0 008 150925s1996 be u000 u lat u 013 $a21664 020 $a2-503-04281-3 040 $aSeMil$bita 245 10$aLiber primus. 300 $aXC, 462 p., [1] c. di tav. :$bfacs. ;$c26 cm. 490 0 $aCorpus Christianorum. Continuatio Mediaevalis ;$v161. 773 0 $aIoannes : Scotus Erigena $tIohannis Scotti seu Eriugenae Periphyseon.$bEditionem novam a suppositiciis quidem additamentis purgatam, ditatam vero appendice in qua vicissitudines operis synoptice exhibentur.$dTurnhout : Brepols, 1996-2003.$g1$w()6964 830 0$aCorpus Christianorum. Continuatio Mediaevalis ;$v161.$0(OLS)http://semarc/title/35 850 $aSeMil 852 $aSeMil$W1$xVenegono$y1$mSL2.F CC.CM 161$j269832$B16648$CSeMilBibl$Z2$F16648 $8I 961 $aSottoscrizione: Brepols 996 $6020$a2-503-04281-3$9(OLS)http://semarc/number/24319 996 $6245$aLiber primus$9(OLS)http://semarc/title/73636